| 000 | 00849cab a2200253 4500 | ||
|---|---|---|---|
| 001 | WB3348-19 | ||
| 008 | 090401t1997 xxu||||| |||| 00| 0 eng d | ||
| 035 | _a(Sirsi) u82598 | ||
| 041 | _aeng | ||
| 245 | _aPartnerships for prosperity | ||
| 260 | _c1997 | ||
| 350 | _a0 | ||
| 490 |
_aDOE Press Release _v(489/ENV) 3 December 1997 |
||
| 490 |
_aFinancial Times _v10 December 1997, 12(5) |
||
| 520 | _aThe Regions White paper "Building Partnerships for Prosperity" has been launched. Outlines the role of the new Regional Development Agencies. Details. | ||
| 650 | _aBUILDING PARTNERSHIPS FOR PROSPERITY | ||
| 650 | _aECONOMIC DEVELOPMENT | ||
| 650 | _aREGIONAL DEVELOPMENT AGENCIES | ||
| 650 | _aREGIONAL DEVELOPMENT | ||
| 650 | _aREGIONS WHITE PAPER | ||
| 690 | _aPROPERTY-PROPERTY DEVELOPMENT | ||
| 942 | _n0 | ||
| 948 | _c10/12/1997 | ||
| 999 |
_c52170 _d52170 |
||